| 000 | 00000nam##2200000za#4500 |
| 001 | 9.644183 |
| 003 | CaOODSP |
| 005 | 20250506145324 |
| 007 | cr ||||||||||| |
| 008 | 150407|1984||||xxc|||||o f|0| 0 fre|d |
| 040 | |aCaOODSP|bfre |
| 043 | |an-cn--- |
| 086 | 1 |aA53-1613/1984F-PDF |
| 110 | 1 |aCanada.|bAgriculture Canada. |
| 245 | 13|aLe mélilot and l'ouest du Canada |h[ressource électronique] |
| 260 | |aOttawa - Ontario : |bAgriculture Canada |c1984. |
| 300 | |a36p.|bill., tableaux |
| 500 | |aPublication historique numérisée par Agriculture et Agroalimentaire Canada. Titre de la couv. |
| 590 | |a15-02-Supp|b2015-02-16 |
| 775 | 08|tSweetclover production in Western Canada |w(CaOODSP)9.700284 |
| 856 | 40|ahttp://publications.gc.ca|qPDF|s1021 Ko|uhttps://publications.gc.ca/collections/collection_2015/aac-aafc/A53-1613-1984-fra.pdf |
| 986 | |aPublication 1613 |